| 000 | 00395nam a2200145Ia 4500 | ||
|---|---|---|---|
| 008 | 220726s9999||||xx |||||||||||||| ||und|| | ||
| 020 | _a9789387788084 | ||
| 082 |
_a610 _bKar/P |
||
| 100 | _aKar, Ashutosh | ||
| 245 | 0 | _aKar Ashutosh-Pharmaceutical Engineering (PCI) Sem- III | |
| 250 | _aReprint | ||
| 260 |
_aNew Delhi _bNew Age International Publishers _c2021 |
||
| 300 | _a344 | ||
| 942 | _cPB | ||
| 999 |
_c37943 _d37943 |
||